| 000 | 00956nam a22001337a 4500 | ||
|---|---|---|---|
| 040 | _cRUA | ||
| 082 | _aVEM SEN 2014 B442 Or.1 | ||
| 100 | _aSENG RATHA ; សេង រដ្ឋា | ||
| 245 | _aStudy on spermatozoia surviv al in antibiotic extender at cambodia-china pig demostration sangkat khmoung, kan sensok, phnom penh , ការសិក្សាពីការរស់រានមានជីវិតរបស់ស្ពែម៉ាតូសូអ៊ីត ក្នុងល្បាយរាវដោយមាន Antibiotic នៅស្ថានីយ៍ចិញ្ចឹម ជ្រូកពូជបង្ហាញកម្ពុជា ចិន សង្កាត់ឃ្មញ ខណ្ឌសែនសុខរាជធានីភ្នំពេញ | ||
| 260 |
_aPhnom Penh _bRUA _c2014 |
||
| 300 |
_axii ; 43p. _bill. _c29cm. |
||
| 856 | _uhttps://drive.google.com/file/d/1McHANCviQkolAAV-kAA8avW562NJKNd3/view?usp=sharing | ||
| 942 | _cVEM | ||
| 999 |
_c7224 _d7224 |
||